000 01599nam0a2200361 i 4500
001 RU\NLR\BIBL_A\012105791
005 20260406145428.0
010 _a9785171139179
_92000
021 _aRU
_b2019-64540
_9КН-П-4634
035 _a(RuMoRGB)010082040
035 _a(NLR Aleph) 012105791
090 _a11930096
_c11930096
100 _a20191001d2019 u y0rusy50 ca
101 1 _arus
_aeng
_ceng
102 _aRU
105 _ay|||j|||000ay
200 1 _aДжейн Эйр
_dJane Eyre
_eаудиоприложение LECTA
_fШарлотта Бронте
_gадаптация текста О.Н. Прокофьевой
_gперевод и упражнения С.А. Матвеева
_gсловарь Д.Л. Абрагина
_zeng
210 _aМосква
_cLingua
_cАСТ
_d2019
215 _a318, [1] с.
_d21
225 1 _aBilingua
300 _aАвт. также на англ. яз.: Charlotte Brontё
300 _aТекст парал. на рус. и англ. яз.
333 _a12+
510 1 _6z77790
_aJane Eyre
_zeng
606 1 _aАнглийский язык
_jКниги для чтения
_9972309
_3RU\NLR\AUTH\6646032
686 1 _aШ143.21-93рус91
700 1 _8rus
_7ca
_aБронте
_bШ.
_f1816-1855
_gШарлотта
_3RU\NLR\AUTH\774646
_9114623
702 1 _aПрокофьева
_bО. Н.
_4010
790 1 _8eng
_7ba
_aBrontё
_bC.
_f1816-1855
_gCharlotte
_3RU\NLR\AUTH\7747988
_930923
942 _cBOOK
980 _aNBR